000 00295nam a22001337a 4500
008 181107b xxu||||| |||| 00| 0 eng d
020 _a136633854
041 _aeng
080 _a101
100 _a24
101 _aFIL
245 _aPhilosophy A Modern Encounter
_cWolff,R.P
942 _2udc
_cBK
999 _c52088
_d52088